Statistieken voor Groenten en fruit emojies

Klik hier om de quiz te nemen!

Algemene statistieken

  • Deze quiz is 76 keer genomen
  • De gemiddelde score is 22 van 25

Antwoordstatistieken

EmojiFruit/Groente% Correct
Kiwi
100%
Ananas
100%
Appel
100%
Tomaat
100%
Banaan
100%
Peer
98%
Broccoli
98%
Mais
98%
Kers
97%
Aardappel
97%
Wortel
97%
Citroen
97%
Aardbei
95%
Watermeloen
95%
Kokosnoot
89%
Komkommer
89%
Avocado
89%
Perzik
89%
Sinaasappel
89%
Aubergine
89%
Druif
86%
Mango
76%
Meloen
59%
Chilipeper
47%
Selder
17%

Scoreverdeling

Percentiel versus Aantal Correcte Antwoorden

Procent van Mensen met Elke Score

Uw Scoregeschiedenis

U heeft deze quiz nog niet genomen